书目信息 |
| 题名: |
染色
|
|
| 作者: | 徐克仁 编著 | |
| 分册: | ||
| 出版信息: | 北京 纺织工业出版社 2007.01 |
|
| 页数: | 366页 | |
| 开本: | 24cm | |
| 丛书名: | ||
| 单 册: | ||
| 中图分类: | TS193 | |
| 科图分类: | ||
| 主题词: | 染色(纺织品)--技术培训--教材 | |
| 电子资源: | ||
| ISBN: | 978-7-5064-4248-0 | |
| 000 | 00854 nam 000265 | |
| 001 | 0100000206 | |
| 005 | 20070702102604.42 | |
| 010 | @a978-7-5064-4248-0@dCNY28.00 | |
| 100 | @a20070613d2007 ekmy0chiy50 ea | |
| 101 | 0 | @achi |
| 102 | @aCN@b110000 | |
| 105 | @aak z 000yy | |
| 200 | 1 | @a染色@Aran se@f徐克仁编著@Fxu ke ren bian zhu |
| 210 | @a北京@c纺织工业出版社@d2007.01 | |
| 215 | @a366页@d24cm | |
| 300 | @a印染职工技术读本/陈良田主编 | |
| 330 | @a本书介绍了机织物染色时常用的各类染料的基本结构、染色理论及设备,系统地阐述了各类染料的染色工艺及操作,同时介绍了各种混纺、交织织物的染色方法及质量控制等。 | |
| 540 | 1 | @a染色 |
| 606 | 0 | @a染色(纺织品)@x技术培训@j教材 |
| 690 | @aTS193@v4 | |
| 701 | 0 | @a徐克仁@Axu ke ren@4编著 |
| 801 | 0 | @aCN@bYXSD@c20070702 |
| 901 | @a1000 | |
| 905 | @aBZT@dTS193@e1@f6 | |
| 906 | @dCNY28.00@n0@r1 | |
| 染色/徐克仁编著.-北京:纺织工业出版社,2007.01 |
| 366页;24cm |
| 印染职工技术读本/陈良田主编 |
| ISBN 978-7-5064-4248-0:CNY28.00 |
| 本书介绍了机织物染色时常用的各类染料的基本结构、染色理论及设备,系统地阐述了各类染料的染色工艺及操作,同时介绍了各种混纺、交织织物的染色方法及质量控制等。 |
| ● |
| 相关链接 |
|
|
|
正题名:染色
索取号:TS193/1
 
预约/预借
| 序号 | 登录号 | 条形码 | 馆藏地/架位号 | 状态 | 备注 |
| 1 | 0568802 | 230189999 | 样本书库/样005架B面2层3列/ [索取号:TS193/1] | 在馆 | |
| 2 | 0568803 | 230189998 | 中心书库中库/ 中库025架A面1列5层24/ [索取号:TS193/1] | 在馆 | |
| 3 | 0568804 | 230189997 | 中心书库中库/ 中库025架A面1列5层21/ [索取号:TS193/1] | 在馆 | |
| 4 | 0568805 | 230189996 | 中心书库中库/ 中库025架A面1列5层23/ [索取号:TS193/1] | 在馆 | |
| 5 | 0568806 | 230189995 | 中心书库中库/ 中库025架A面1列5层22/ [索取号:TS193/1] | 在馆 | |
| 6 | 0568807 | 230189994 | 中心书库中库/ 中库025架A面1列5层25/ [索取号:TS193/1] | 在馆 |